| 000 | 00442cam a22001934a 4500 | ||
|---|---|---|---|
| 005 | 20250605164333.0 | ||
| 008 | 250528s ||||||||||||||||||||||||d | ||
| 035 | _a23326 | ||
| 020 | _a9780750681735 | ||
| 040 |
_aGR-AtMCL _bgre _dGR-AtMCL _eAACR2 |
||
| 245 | 1 | _aHR leadership | |
| 250 | _a1st | ||
| 260 |
_bButterworths, _c2010 |
||
| 300 | _a241 | ||
| 700 | 1 |
_aHolbeche Linda _94174 |
|
| 942 | _cBK | ||
| 999 |
_c8352 _d8352 |
||